Les Français dans le Top 10 du tour de France depuis 2010 - Statistiques

Statistiques générales
  • Ce quiz a été pris 170 fois
    35 depuis la dernière actualisation
  • Le résultat moyen est 21 sur 23
Statistiques - réponses
Année Classement Réponse % Correct
2012 10ème Thibaut Pinot
100%
2014 3ème Thibaut Pinot
100%
2019 5ème Julian Alaphilippe
97%
2014 6ème Romain Bardet
97%
2015 9ème Romain Bardet
97%
2016 2ème Romain Bardet
97%
2017 3ème Romain Bardet
97%
2018 6ème Romain Bardet
97%
2022 7ème Romain Bardet
97%
2025 7ème Kévin Vauquelin
93%
2022 4ème David Gaudu
90%
2023 9ème David Gaudu
90%
2021 8ème Guillaume Martin
87%
2023 10ème Guillaume Martin
87%
2025 10ème Jordan Jegat
87%
2011 4ème Thomas Voeckler
87%
2011 9ème Jean-Christophe Péraud
83%
2014 2ème Jean-Christophe Péraud
83%
2011 10ème Pierre Rolland
83%
2012 8ème Pierre Rolland
83%
2015 10ème Pierre Rolland
83%
2017 10ème Warren Barguil
83%
2019 10ème Warren Barguil
83%
Aucun quiz correspondant
Distribution des résultats
% des personnes avec chaque résultat
Percentile par nombre de réponses
Votre historique - résultats
Vous n’avez pas pris ce quiz depuis la dernière actualisation